[Event "British KO-ch Pre 2019"]
[Site "London"]
[Date "2019.11.30"]
[Round "8.3"]
[White "Taylor, Adam C"]
[Black "Clarke, Brandon G I"]
[Result "1/2-1/2"]
[WhiteElo "2371"]
[BlackElo "2431"]
[Annotator "TA"]
[PlyCount "151"]
[EventDate "2019.11.30"]
[EventType "k.o."]
[EventCountry "ENG"]
[SourceTitle "playchess.com"]
[Source "ChessBase"]
[SourceQuality "1"]

{[%evp 11,151,9,43,-20,0,0,0,14,14,14,14,0,0,0,0,0,0,-12,5,0,4,0,0,0,16,15,0,8,27,0,0,0,0,0,0,0,0,0,0,0,14,0,0,0,0,-2,46,13,107,124,112,123,117,115,114,117,122,121,113,140,228,221,279,258,271,266,284,277,247,240,313,306,392,388,416,212,237,227,217,220,248,282,284,276,236,245,297,126,395,379,391,374,385,377,281,0,0,0,490,483,1179,1047,1237,608,843,789,847,721,501,458,356,154,154,154,156,140,164,147,189,0,0,0,0,0,0,0,12851,0,0,0,0,0,0,0,0,0,0,0,0,0,0,0]} 1. Nf3 Nf6 2. c4 g6 3. b3 Bg7 4. Bb2 O-O 5. g3 d6 6. d4 c5 7. dxc5 {E60: King's Indian: Unusual lines and Fianchetto Variation without Nc3} (7. Bg2 $14) (7. Bg2 Qa5+ 8. Bc3 Qc7 9. Nbd2 cxd4 10. Nxd4 d5 11. O-O Rd8 12. Rc1 Qd7 13. Nc2 dxc4 14. Ba5 Re8 15. Nxc4 Nc6 {1-0 (35) Bu,X (2693)-Wei,Y (2634) Danzhou 2014}) 7... Qa5+ 8. Qd2 Qxc5 9. Nc3 Qa5 10. Rd1 Nc6 11. Bg2 Ne4 12. Nxe4 Bxb2 13. Qxa5 Nxa5 14. O-O f5 $146 ({Predecessor:} 14... Nc6) 15. Ned2 Bf6 16. Ne1 Rb8 17. Nd3 Rd8 18. Nf4 e6 19. e4 Kf7 20. Rfe1 Nc6 21. exf5 gxf5 22. Nf3 h6 23. Re2 b5 24. cxb5 Rxb5 25. Rc2 $36 {[%mdl 2048] White is pushing.} Bb7 26. Rdc1 Rb6 27. Re1 Re8 28. Nd2 d5 (28... Nd4 {keeps more tension.} 29. Rc7+ Re7 30. Rxe7+ Bxe7 31. Nc4 Bxg2 32. Kxg2 Ra6) 29. Nxe6 {[%mdl 64] Remove Defender} (29. Bf3 {with more complications.} Nd4 30. Bh5+ Kg7 31. Bxe8 Nxc2 32. Rxe6 Bg5 33. Rxb6 axb6 34. Ne6+) 29... Rxe6 (29... Rb5 $11 {keeps the balance.} 30. a4 Ra5) 30. Bxd5 $16 {[%mdl 64] Pin} Ne7 31. Bxe6+ Rxe6 32. Rxe6 Kxe6 33. Rc7 Bd5 34. Rxa7 Nc6 35. Rh7 Nb4 (35... Ne5 $16 {might work better.}) 36. a4 $18 (36. Rxh6 $6 Nxa2 37. h4 Nc3 $16) 36... Bd4 37. Rxh6+ Ke7 38. Rh4 Bc5 39. Nc4 Nd3 40. Ne3 Bxb3 {Now ...f4 and Black clings on.} 41. a5 ({Don't play} 41. Nxf5+ Kd7 $18) 41... Kf6 42. a6 Ne5 43. Rf4 (43. Rh6+ $142 Kg5 44. Rd6 $3 {[%mdl 576] Promotion}) 43... Be6 44. Ra4 {And now a7 would win.} Ba7 45. Ra5 Nf3+ 46. Kg2 Ne1+ 47. Kf1 Nf3 48. Nd5+ Kg5 49. Ne7 (49. h4+ $18 {and White stays clearly on top.} Kh6 50. Nf4 Bc4+ 51. Kg2) 49... Bc4+ $2 {[%mdl 8192]} (49... Nxh2+ $16 50. Kg2 Ng4) 50. Kg2 Ne1+ 51. Kh1 Bd3 {[#]} 52. f3 $1 Nxf3 {[#]} 53. Nc6 $2 ({Only move:} 53. Nc8 $1 $18 {[%cal Rc8a7]} Bd4 54. a7 Bxa7 55. Rxa7) 53... Bb6 $11 54. Ra4 {Strongly threatening a7.} Bb5 $2 {[%mdl 8192]} (54... Be4 $11 55. h4+ Kg4) 55. Rb4 $18 Bxc6 (55... Bxa6 $142 56. Rxb6 Bd3) 56. Rxb6 Be4 57. Rb4 (57. a7 $142 f4 58. Rb5+ Kg6 59. Rb4) 57... Bd5 58. a7 Ne1+ 59. Kg1 Nf3+ 60. Kf2 Nxh2 61. Rd4 (61. Ke3 $18 {and the rest is easy.}) 61... Ng4+ $16 62. Ke2 Bg2 63. Rd3 Be4 64. Rd8 Nf6 65. a8=Q $2 ({White should play} 65. Rd6 $18) 65... Bxa8 $11 66. Rxa8 {[%mdl 4096] Endgame Hoping for Kf3. KR-KN} Kg4 67. Rf8 Ne4 68. Rg8+ Ng5 (68... Kh5 {is interesting.}) 69. Kf2 $2 ({Better is} 69. Ke3 $18 {aiming for Rg6.} Kh5 {[#]} 70. Kf4 $1 {[%mdl 576] Double Attack}) 69... f4 {The position is equal.} 70. gxf4 Kxf4 71. Ra8 Ne4+ 72. Ke2 Nc3+ 73. Kd3 Nd5 74. Kd4 {White threatens Rf8+ and mate.} Ne7 75. Rf8+ Kg5 76. Ke5 {Accuracy: White = 51%, Black = 41%.} 1/2-1/2

[Event "British KO-ch Pre 2019"]
[Site "London"]
[Date "2019.11.30"]
[Round "8.4"]
[White "Merry, Alan B"]
[Black "Wadsworth, Matthew J"]
[Result "1-0"]
[WhiteElo "2426"]
[BlackElo "2401"]
[Annotator "TA"]
[PlyCount "113"]
[EventDate "2019.11.30"]
[EventType "k.o."]
[EventCountry "ENG"]
[SourceTitle "playchess.com"]
[Source "ChessBase"]
[SourceQuality "1"]

{[%evp 9,118,-1,0,-20,54,44,47,2,36,16,72,72,56,37,42,33,35,31,41,0,0,0,37,41,31,45,47,35,65,55,53,59,70,34,45,43,58,47,57,20,27,0,15,-26,-26,-25,29,0,0,0,0,0,23,24,45,25,32,25,39,6,2,16,22,7,15,15,26,22,49,45,297,289,299,295,292,259,234,216,242,142,80,0,0,0,0,0,14,0,0,0,0,0,0,-67,0,0,0,0,0,0,0,0,72,95,5369,5310,29969,35,29968,29968,5222]} 1. c4 e5 2. Nc3 Bb4 3. Qc2 Nc6 4. e3 Nf6 5. Nf3 d6 6. a3 {A28: English Opening: Four Knights Variation} (6. Ne2 a5 7. a3 Bc5 8. d4 Ba7 9. d5 Ne7 10. Ng3 O-O 11. Be2 c6 12. dxc6 bxc6 13. O-O Ng6 {1-0 (47) Sevian,S (2647)-Le,Q (2714) chess.com INT 2019}) 6... Bc5 (6... Bxc3 $1 $11 7. bxc3 e4) 7. b4 $14 Bb6 8. Na4 $146 {White is slightly better.} ({Predecessor:} 8. Be2 O-O 9. O-O Bg4 10. Bb2 a5 11. b5 Nb8 {½-½ (47) Zlotnikov,M (2390)-Hebert,J (2395) New York 1994}) 8... O-O (8... e4 $5 {[%cal Re4f3]} 9. b5 Ne7 $11) 9. Bb2 a6 (9... e4 $11 10. Ng5 Bf5) 10. Nxb6 $16 cxb6 11. Be2 Bg4 12. d3 Rc8 13. O-O b5 14. Qd2 bxc4 15. dxc4 Qe7 (15... e4 $5 {[%cal Re4f3]} 16. Nd4 Ne5 $11) 16. h3 Be6 17. Rfd1 Rfd8 18. Qe1 h6 19. Rac1 Bf5 20. Nd2 a5 21. Nb3 axb4 22. axb4 {[%cal Ba3b4,Bb4b5][%mdl 32]} Ra8 23. b5 Nb8 24. Ra1 Nbd7 25. Qb4 Bc2 26. Rd2 {Hoping for Rxa8.} Bxb3 $1 27. Qxb3 Nc5 (27... Ne4 $142 28. Rc2 Qf6) 28. Qb4 Rxa1+ 29. Bxa1 Ra8 30. Qb1 b6 31. Ra2 Qb7 32. Bf3 Nfe4 $1 33. Bb2 f5 34. Qa1 Rxa2 35. Qxa2 Kf7 36. Qa3 Ke7 37. Bc3 Qb8 38. Bb4 Kd7 39. Qa1 Ke7 $2 {[%mdl 8192] [#]} (39... Nd3 $14) 40. Bxe4 $1 $18 fxe4 41. Bxc5 $1 dxc5 {[%mdl 4096] Endgame KQ-KQ} 42. Qb1 Qa8 43. Qb2 Ke6 {[#]} 44. Kh2 (44. Qe2 $1 $18) 44... h5 $16 45. h4 ({Better is} 45. Qd2 $16) 45... Qd8 $1 $11 46. Qa2 Qxh4+ 47. Kg1 Qe7 48. Qa8 Kf5 49. Qb8 Qe6 50. g3 Kg4 {...Kf3 is the strong threat.} 51. Kg2 ({White should try} 51. Qd8 $11) 51... Kf5 (51... Qxc4 $2 52. Qxb6 Qf7 53. Qd8 $18 (53. Qxc5 Qf3+ 54. Kg1 Qd1+ 55. Kh2 Kf3 $11)) (51... g5 $15) 52. Qf8+ Kg6 53. Qd8 Kh6 ({Don't go for} 53... Qxc4 $2 54. Qxb6+ Kh7 55. Qc6 $18) 54. Qc7 g6 {[#]} ({Don't blunder} 54... Qxc4 $2 55. Qxb6+ Kh7 56. Qc6 $18) 55. Qc6 $1 {[%mdl 512]} Qxc4 (55... Qg4 $11 {keeps the balance.}) 56. Qxb6 $16 {Black must now prevent Qd8.} Qd5 $2 {[%mdl 8192]} (56... h4 $16) 57. Qb8 {Played: Qb6-f6} 1-0

[Event "British KO-ch Pre 2019"]
[Site "London"]
[Date "2019.11.30"]
[Round "8.5"]
[White "Head, Louise"]
[Black "Fernandez, Daniel Howard"]
[Result "0-1"]
[WhiteElo "2100"]
[BlackElo "2444"]
[Annotator "TA"]
[PlyCount "138"]
[EventDate "2019.11.30"]
[EventType "k.o."]
[EventCountry "ENG"]
[SourceTitle "playchess.com"]
[Source "ChessBase"]
[SourceQuality "1"]

{[%evp 9,138,25,40,31,25,26,27,20,31,34,52,45,130,75,79,67,105,102,91,77,99,114,135,66,99,79,116,131,208,206,196,182,247,132,149,129,128,88,85,47,91,55,83,0,0,8,37,0,0,0,0,-16,-20,-335,7,7,7,13,17,0,0,-14,-12,-20,-10,-73,-74,-74,-74,-76,-71,-83,-82,-97,-97,-97,-97,-97,-97,-97,-33,-58,-17,-134,-132,-283,-283,-300,-289,-293,-258,-236,0,0,0,0,0,-238,-252,-492,-485,-479,-464,-560,-313,-300,-298,-289,-297,-290,-287,-354,-346,-355,-111,-118,-120,-543,-559,-524,-493,-397,-397,-1586,-668,-2397,-2288,-2281,-2222,-1522,-931]} 1. d4 b5 2. Nf3 Bb7 3. b3 (3. Bg5 Qc8 4. e3 b4 5. a3 a5 6. axb4 axb4 7. Rxa8 Bxa8 8. Nbd2 e6 9. Bd3 Be7 10. O-O Nf6 {1-0 (33) Gozzoli,Y (2565)-Fernandez,D (2496) chess.com INT 2018}) 3... b4 $146 ({Predecessor:} 3... Bxf3 4. exf3 c6 5. Bd3 g6 6. Bb2 Bg7 7. Nd2 d5 8. O-O Qb6 9. c3 e6 10. f4 Ne7 {0-1 (24) Saharinen,P (1821)-Smeds,T (1871) Helsinki 2014}) 4. c4 bxc3 5. Nxc3 Nf6 6. e3 {A40: Unusual replies to 1 d4} e6 7. Bd3 c5 8. O-O {White has an edge.} Be7 9. dxc5 Bxc5 10. Bb2 d6 (10... Be7 $14) 11. b4 $36 {[%mdl 2048] Keeping Black busy.} (11. Na4 $142) 11... Bb6 $16 12. Bb5+ Ke7 13. Nd4 a6 14. Ba4 a5 15. b5 Nbd7 16. Bc2 ({White should try} 16. Nc6+ $1 $16 Bxc6 17. bxc6) 16... Rc8 17. Rc1 Ne5 18. Na4 Bd5 (18... Re8 $16) 19. Bb3 $1 $18 {And now Rxc8 would win.} Rxc1 20. Bxc1 ({Much less strong is} 20. Qxc1 $6 Bxd4 21. Bxd4 Bxb3 $16) 20... Be4 (20... Re8 {is a better defense.} 21. Bxd5 exd5) 21. Nxb6 (21. Ba3 $18 Nd3 22. Nc3 Bxd4 23. Nxe4 (23. exd4 Bg6 $16) 23... Nxe4 24. exd4 (24. Qxd3 Bc5 $16) 24... Ndxf2 25. Qe2 (25. Rxf2 Nxf2 26. Kxf2 Qb6 $16)) 21... Qxb6 $16 22. f3 Bb7 23. a4 Rc8 24. Bd2 Bd5 25. Qe2 Kd7 26. Rc1 (26. Re1 $16) 26... Rxc1+ $11 27. Bxc1 Qc5 28. Bd2 (28. Bc2 $14) 28... Bxb3 29. Nxb3 Qc2 30. Nxa5 Nd5 {...Nc3! is the strong threat.} 31. Kf2 $2 {[%mdl 8192]} (31. f4 $11 {and White is okay.} Nc3 32. Qf1 Qxd2 33. fxe5 Qxe3+ {[%mdl 64] Double Attack} 34. Kh1) 31... Qxa4 $2 (31... Nd3+ $1 $19 32. Kf1 Qb1+ 33. Be1 N5b4) 32. f4 Ng6 33. Qd3 f5 34. Nb3 Nge7 35. Nd4 g6 36. Qb1 {next b6 is good for White.} Nb6 37. Qb3 (37. Qc2 $11) 37... Qxb3 $17 38. Nxb3 {[%mdl 4096] Endgame KBN-KNN} Ned5 39. Ke2 Nc4 40. Nd4 e5 41. fxe5 dxe5 42. Nf3 e4 $1 {[%cal Re4f3]} 43. Nd4 Kd6 44. h3 Nc7 ({Black should play} 44... Kc5 $17 45. g3 h6) 45. Bb4+ $15 Kd5 46. g4 {[#]} (46. Bf8 $11) 46... f4 $1 $17 {[%mdl 512]} 47. b6 $2 (47. Be7 $17 {was necessary.}) (47. exf4 Kxd4) 47... Nxb6 $19 48. Ba5 f3+ 49. Kf2 Nca8 50. Nb5 Nc4 $2 (50... Na4 $19 {aiming for ...Kc5.} 51. Bd8 Kc4 52. Nd6+ Kd3) 51. Nc3+ $1 $11 Ke5 52. Bd8 Nb2 53. h4 $2 (53. Kg1 $11 {and White has nothing to worry.}) 53... h5 $19 54. g5 $2 {[#]} (54. gxh5 {was called for.} Nd3+ 55. Kg3 gxh5 56. Nb1) 54... Nc4 $1 55. Bf6+ Kf5 56. Nd5 {intending Ne7+.} Ke6 57. Nc3 {[#]} Nd6 $1 58. Bd8 Nb7 59. Bf6 Nc5 60. Bd8 Kf5 61. Nd5 Ne6 $2 (61... Kg4 $19 62. Kg1 Kxh4) 62. Ba5 $17 Kg4 63. Ne7 $2 {[%mdl 8192]} (63. Nf6+ $17 {nothing else works.} Kxh4 64. Nxe4) 63... Kxh4 $19 64. Nxg6+ Kxg5 65. Ne7 Nac7 66. Nc6 $2 (66. Kg3) 66... h4 {Black is clearly winning.} 67. Nb4 Ne8 68. Nd5 Nf6 69. Nc3 Ng4+ {Accuracy: White = 33%, Black = 62%.} 0-1

[Event "British KO-ch Pre 2019"]
[Site "London"]
[Date "2019.11.30"]
[Round "8.6"]
[White "Haria, Ravi"]
[Black "Toma, Katarzyna"]
[Result "1/2-1/2"]
[WhiteElo "2451"]
[BlackElo "2272"]
[Annotator "TA"]
[PlyCount "104"]
[EventDate "2019.11.30"]
[EventType "k.o."]
[EventCountry "ENG"]
[SourceTitle "playchess.com"]
[Source "ChessBase"]
[SourceQuality "1"]

{[%evp 14,104,20,20,29,19,78,70,65,72,77,73,93,63,79,96,97,95,94,96,107,99,106,41,37,13,8,14,10,9,10,0,0,-10,0,-14,-7,-45,0,-35,-34,-41,-45,-38,-37,-67,-67,-148,-117,-107,-45,-45,-45,-45,-45,-45,-38,-38,-38,-67,-45,-45,-53,-67,-67,-67,-67,-67,0,0,0,0,0,0,0,0,0,0,0,0,0,0,0,0,0,0,0,0,0,0,0,0,0]} 1. Nf3 Nf6 2. g3 g6 3. Bg2 Bg7 4. O-O O-O 5. d4 d5 6. c4 dxc4 7. Na3 {[%cal Bb1a3,Ba3c4,Bc4e5][%mdl 32]} c5 8. Nxc4 Be6 {D77: Fianchetto Grünfeld: 6 0-0: Replies other than 6...c6} 9. Nfe5 (9. Nce5 cxd4 10. Qxd4 Qxd4 11. Nxd4 Bd5 12. Rd1 Bxg2 13. Kxg2 Rd8 14. Bf4 Nd5 15. Ndf3 Na6 16. Bd2 {½-½ (35) Nakamura,H (2777)-Caruana,F (2822) Saint Louis 2018}) 9... Nc6 (9... Qc8 $11 {remains equal.}) 10. dxc5 $16 ({Much worse is} 10. Bxc6 bxc6 11. dxc5 (11. Nxc6 Qe8 $17) 11... Ng4 $11) 10... Nxe5 {White is slightly better.} 11. Nxe5 Qc7 {[#]} 12. Nd3 $1 Bd5 13. Bf4 Qc8 $146 ({Predecessor:} 13... Qd8 14. Be5 Bxg2 15. Kxg2 Qd5+ 16. Kg1 {1-0 (29) Barral Rubirosa,C (2136)-Gomes,J Lisbon 1999}) 14. Qa4 Qe6 15. Rfe1 Rfc8 16. Rac1 h5 17. Bxd5 Nxd5 18. Qc4 ({White should play} 18. Bd2 $16) 18... Nxf4 $14 19. Nxf4 (19. gxf4 {looks sharper.} Qf5 20. f3 Re8 21. Qa4 e5 22. c6) 19... Qxc4 20. Rxc4 Bxb2 21. Rb1 Ba3 22. Nd3 b6 $1 {[%cal Ra3c5]} 23. c6 Rc7 24. Rb3 Bd6 25. e4 f6 (25... Bc5 $5) 26. f4 Rac8 27. e5 fxe5 28. fxe5 Bc5+ $1 29. Nxc5 {aiming for Nd3.} Rxc6 {[%mdl 64] [#] Pin} 30. Ra3 ({White should try} 30. Ra4 $15 bxc5 31. Rxa7) 30... Rxc5 31. Rxc5 Rxc5 (31... bxc5 $17 32. Kf2 c4) 32. Rxa7 $15 Rxe5 $17 {[%mdl 4096] Endgame KR-KR} 33. a4 Kf7 34. Rb7 Ra5 35. Rxb6 Rxa4 36. Rb2 Ra5 37. Kg2 Kf6 38. h4 e5 39. Kf3 Kf5 40. Kg2 e4 (40... Ra6 $15) 41. Rf2+ $11 {The position is equal.} Ke5 {Strongly threatening ...Kd4.} 42. Rb2 Rd5 43. Ra2 Rd6 44. Ra5+ Kd4 45. Kf2 Rf6+ 46. Kg2 e3 {White must now prevent ...Rf2+.} 47. Ra4+ Kd3 48. Ra3+ Kd4 (48... Ke4 $5 49. Ra4+ $8 Kd5 50. Ra5+ Ke4 51. Ra4+ Ke5 $11) 49. Ra4+ Kc5 {And now ...Rf2+ would win.} 50. Re4 Rf2+ 51. Kg1 Rf3 {Threatens to win with ...Kd5.} 52. Kg2 Rf2+ {Accuracy: White = 60%, Black = 58%.} 1/2-1/2

[Event "British KO-ch Pre 2019"]
[Site "London"]
[Date "2019.11.30"]
[Round "8.7"]
[White "Claridge-Hansen, William"]
[Black "Kalaiyalahan, Akshaya"]
[Result "1-0"]
[WhiteElo "2290"]
[BlackElo "2154"]
[Annotator "NA RC"]
[PlyCount "75"]
[EventDate "2019.11.30"]
[EventType "k.o."]
[EventCountry "ENG"]
[SourceTitle "playchess.com"]
[Source "ChessBase"]
[SourceQuality "1"]
[TimeControl "600+5"]

1. c4 {[%emt 0:00:00]} Nf6 {[%emt 0:00:00]} 2. g3 {[%emt 0:00:00]} g6 {[%emt 0:00:00]} 3. Bg2 {[%emt 0:00:00]} Bg7 {[%emt 0:00:00]} 4. Nc3 {[%emt 0:00:00]} O-O {[%emt 0:00:02]} 5. e4 {[%emt 0:00:01]} c5 {[%emt 0:00:23]} 6. Nge2 {[%emt 0:00:02]} Nc6 {[%emt 0:00:08]} 7. d3 {[%emt 0:00:09]} Ne8 {[%emt 0:00:34]} 8. Be3 {[%emt 0:00:04]} Nd4 {[%emt 0:00:23]} 9. Rb1 {[%emt 0:00:15]} Nc7 {[%emt 0:01:20]} 10. O-O {[%emt 0:00:31]} d6 {[%emt 0:00:04]} 11. b4 {[%emt 0:01:09]} Nce6 {[%emt 0:00:56]} 12. f4 {[%emt 0:00:54]} Nxe2+ {[%emt 0:00:51]} 13. Nxe2 {[%emt 0:00:02]} Nd4 {[%emt 0:00:14]} 14. Nxd4 {[%emt 0:00:37]} cxd4 {[%emt 0:00:15]} 15. Bd2 {[%emt 0:00:07]} e6 {[%emt 0:00:22]} 16. Qe2 {[%emt 0:00:58]} Re8 {[%emt 0:00:23]} 17. e5 {[%emt 0:00:45]} Qc7 {[%emt 0:00:30]} 18. Rfe1 {[%emt 0:00:32]} dxe5 {[%emt 0:00:06]} 19. fxe5 {[%emt 0:00:01]} h6 {[%emt 0:01:43]} 20. Qe4 {[%emt 0:00:47]} Rd8 {[%emt 0:00:32]} 21. b5 {[%emt 0:00:01]} Rb8 {[%emt 0:01:19]} 22. Bb4 {[%emt 0:00:28]} Bf8 {[%emt 0:00:01]} 23. Bxf8 {[%emt 0:00:03]} Kxf8 {[%emt 0:00:07]} 24. Rf1 {[%emt 0:00:15]} Kg8 {[%emt 0:00:10]} 25. Rf6 {[%emt 0:00:08]} b6 {[%emt 0:00:15]} 26. Qf4 {[%emt 0:01:09]} Kg7 {[%emt 0:00:25]} 27. Rf1 {[%emt 0:00:05]} Rd7 {[%emt 0:00:11]} 28. h4 {[%emt 0:01:43]} Bb7 {[%emt 0:00:08]} 29. Bh3 {[%emt 0:00:56]} Ba8 {[%emt 0:00:02]} 30. Bxe6 {[%emt 0:00:12]} fxe6 {[%emt 0:00:16]} 31. h5 {[%emt 0:00:01]} g5 {[%emt 0:00:21]} 32. Rg6+ {[%emt 0:00:02]} Kh7 {[%emt 0:00:06]} 33. Qf6 {[%emt 0:00:01]} Rg7 {[%emt 0:00:18]} 34. Rxh6+ {[%emt 0:00:12]} Kg8 {[%emt 0:00:02]} 35. Qxe6+ {[%emt 0:00:07]} Rf7 {[%emt 0:00:02]} 36. Rg6+ {[%emt 0:00:16]} Kf8 {[%emt 0:00:01]} 37. Rxf7+ {[%emt 0:00:04]} Qxf7 {[%emt 0:00:02]} 38. Rf6 {[%emt 0:00:01]} 1-0

[Event "British KO-ch Pre 2019"]
[Site "London"]
[Date "2019.11.30"]
[Round "8.8"]
[White "Golding, Alex"]
[Black "Pein, Jonathan"]
[Result "1-0"]
[WhiteElo "2306"]
[BlackElo "2151"]
[Annotator "TA"]
[PlyCount "79"]
[EventDate "2019.11.30"]
[EventType "k.o."]
[EventCountry "ENG"]
[SourceTitle "playchess.com"]
[Source "ChessBase"]
[SourceQuality "1"]

{[%evp 9,79,38,59,35,67,66,64,37,47,58,97,81,83,84,88,88,97,65,81,89,83,88,104,106,105,71,72,59,154,38,116,103,106,106,118,67,73,43,62,-6,14,0,0,0,0,-6,0,-45,9,-298,-298,-358,0,-404,-424,-374,-96,-67,0,0,0,0,0,0,0,0,665,689,745,667,29997,29998]} 1. e4 d6 2. d4 Nf6 3. Nc3 Nc6 4. d5 Nb8 5. Bg5 (5. f4 c6 6. Be2 g6 7. Nf3 Bg4 8. h3 Bxf3 9. Bxf3 Bg7 10. e5 dxe5 11. fxe5 Nxd5 12. Nxd5 cxd5 13. Qxd5 {0-1 (58) Sosa,T (2488)-Grigoryan,K (2557) Roquetas de Mar 2019}) 5... g6 6. Qd2 {B00: Queen's Fianchetto Defence, Nimzowitsch Defence} h6 7. Be3 Bg7 8. f3 {White is slightly better.} c5 $146 ({Predecessor:} 8... c6 9. a4 Qa5 10. Rd1 Bd7 11. Bc4 c5 12. Nge2 a6 13. e5 dxe5 {0-1 (29) Arboleda Orozco,J (1963)-Fuentes Dominguez,F (2289) Santa Clara 2018}) 9. a4 Na6 10. Bb5+ Nd7 11. Nh3 Nc7 12. Be2 a6 13. a5 Rb8 14. Nf2 b5 15. axb6 Rxb6 16. Ra2 Nb5 17. Nxb5 axb5 18. O-O Ne5 (18... b4 $14) 19. b3 (19. b4 $1 $16) 19... Rb8 (19... b4 $1 $14) 20. f4 $16 Nd7 21. b4 Qc7 22. bxc5 (22. c3 $16) 22... Nxc5 $14 23. Rb1 Bd7 24. Bf3 ({White should play} 24. Qa5 $14 Qxa5 25. Rxa5) 24... Na4 {Hoping for ...Nc3.} 25. Bd4 O-O 26. Bxg7 Kxg7 27. Qd4+ f6 28. Rb3 Qc4 (28... e5 $15 29. Qd2 Ra8) 29. Qa7 $2 {[%mdl 8192]} (29. Qxc4 $11 bxc4 30. Rxb8 Rxb8 31. Nd1) 29... Nc5 $19 30. Re3 {[#]} b4 $2 (30... Ra8 $1 $19 {[%cal Ra8a7][%mdl 512]} 31. Qxa8 Rxa8 32. Rxa8 Qxc2) 31. e5 $2 {[%mdl 8192]} (31. Be2 $11 {and White is okay.} Qd4 32. Rd3) 31... fxe5 32. fxe5 b3 $2 (32... Qd4 $19 33. Re2 Rb7) 33. cxb3 $17 Qc1+ (33... Qd4 $1 $15 34. Re4 Qc3) 34. Nd1 $11 {[#]} Rxf3 $1 {[%mdl 576] Remove Defender, Decoy} 35. Rxf3 Qxd1+ {[%mdl 64] Double Attack} 36. Rf1 Qd4+ $1 {[%mdl 64] Double Attack} ({Don't blunder} 36... Qxb3 $2 37. e6 $18) 37. Raf2 $1 Rf8 $2 {[%mdl 8192] [#]} (37... Rb7 $11 38. Qa1 Qxa1 39. Rf7+ {[%mdl 64] Double Attack} Kg8 40. Rf8+ Kh7 41. R8f7+ {[%mdl 64] Double Attack} Kg8 42. Rf8+ Kh7 43. R8f7+ {[%mdl 64] Double Attack} Kg8) 38. e6 $1 $18 Rxf2 39. Rxf2 Qa1+ 40. Qxa1+ {Accuracy: White = 45%, Black = 36%.} 1-0

[Event "British KO-ch Pre 2019"]
[Site "London"]
[Date "2019.11.30"]
[Round "9.1"]
[White "Harvey, Marcus R"]
[Black "Claridge-Hansen, William"]
[Result "1-0"]
[WhiteElo "2405"]
[BlackElo "2290"]
[Annotator "TA"]
[PlyCount "87"]
[EventDate "2019.11.30"]
[EventType "k.o."]
[EventCountry "ENG"]
[SourceTitle "playchess.com"]
[Source "ChessBase"]
[SourceQuality "1"]

{[%evp 21,87,3,18,27,17,-6,25,20,30,14,27,9,20,14,14,15,41,15,32,0,0,0,37,-5,6,6,22,16,4,-37,100,97,114,109,170,174,245,265,512,488,539,532,521,502,549,547,730,651,719,727,752,751,746,720,859,852,873,859,942,920,1187,1164,2560,2021,1943,6402,29979,29972]} 1. Nf3 c5 2. b3 d6 3. d4 cxd4 4. Nxd4 g6 5. Bb2 Nf6 6. e3 Bg7 7. Be2 O-O 8. O-O a6 9. c4 Bd7 10. Nc3 Nc6 11. Bf3 Rb8 12. Nxc6 {A35: Symmetrical English: 2 Nc3 Nc6 3 Nf3} (12. Rc1 Qa5 13. a3 Rfc8 14. Re1 Qd8 15. h3 Na5 16. Nd5 Nxd5 17. Bxd5 e6 18. Bf3 Qb6 19. Bc3 e5 20. Bxa5 Qxa5 {1-0 (60) Bacallao Alonso,Y (2582)-Hoffman,A (2470) Buenos Aires 2018}) 12... Bxc6 13. Rc1 $146 ({Predecessor:} 13. Rb1 Bxf3 14. Qxf3 b5 15. cxb5 axb5 16. Nd5 Nxd5 17. Bxg7 Kxg7 18. Qxd5 Qa5 19. Qd4+ Kg8 {0-1 (43) Quach,P-Tran,A (2350) Dong Thap 2004}) 13... Qd7 14. Bxc6 {White has an edge.} bxc6 15. Qd2 Qe6 16. Rfd1 Nd7 17. Na4 Bxb2 18. Qxb2 Nf6 19. Qa3 Qf5 20. Nc3 a5 21. h3 h5 22. Rd2 (22. c5 $5) 22... Nd7 23. Na4 Rb4 24. c5 d5 25. Nb2 (25. Nb6 $5) 25... Rh4 (25... Ra8 $15 {stays ahead.}) 26. Qxa5 $16 Ne5 27. f4 Nf3+ (27... Nd7 $16 {might work better.}) 28. gxf3 $18 Qxh3 {[#]} (28... Rxh3 $142 29. Rf1 d4) 29. Rf1 $1 g5 $2 (29... d4 30. exd4 Qg3+ 31. Rg2 Qxf4) 30. fxg5 Qh1+ 31. Kf2 Qh2+ 32. Ke1 Qg3+ 33. Kd1 Rh1 34. Rxh1 Qxf3+ 35. Kc2 Qxh1 36. Qc7 Qe4+ 37. Nd3 Qxe3 38. Qxc6 Qxg5 39. a4 {[%cal Ba2a4,Ba4a5,Ba5a6][%mdl 32]} h4 40. a5 h3 41. a6 Qg1 42. Qxd5 e6 43. Qf3 Qa1 44. Qg4+ {Accuracy: White = 54%, Black = 13%.} 1-0